Städte und Gemeinden im Landkreis Oldenburg mit Karte - Statistiken

Allgemein
  • Dieses Quiz wurde 230 mal gespielt
  • Das Durchschnittsergebnis liegt bei 7 aus 15
Antworten auf der Karte
Die Antworten werden auf der Karte rot bzw. grün angezeigt, abhängig davon wie oft sie richtig erraten wurden.
 
Antwortstatistiken
Stadt oder Gemeinde % Korrekt
Hude
78%
Wardenburg
70%
Wildeshausen
70%
Hatten
69%
Ganderkesee
61%
Großenkneten
60%
Dötlingen
45%
Harpstedt
41%
Groß Ippener
38%
Beckeln
34%
Colnrade
34%
Prinzhöfte
34%
Dünsen
33%
Winkelsett
33%
Kirchseelte
30%
Keine übereinstimmenden Quizze gefunden
Verteilung der Resultate
Anzahl Personen mit jedem Resultat
Perzentil nach korrekt beantworteten Fragen
Ihre Resultats-Entwicklung
Sie haben dieses Quiz noch nicht gespielt